Statystyki dla Małże

Kliknij tutaj aby rozwiązać quiz!

Ogólne statystyki

  • Ten quiz został rozwiązany 11 razy
  • Średni wynik to 4 z 9

Statystyki odpowiedzi

Odpowiedź% Poprawnych
Ostrea K-rec.
100%
Inoceramus JK
50%
Lopha T-rec.
50%
Plagiostoma T-rec.
50%
Trigonia TK
50%
Venus Paleogen-rec.
50%
Glycimeris K-rec.
0%
Gryphea J-rec.
0%
Pholadomya J-rec.
0%

Rozkład punktacji

Percentyl według liczby udzielonych odpowiedzi

Procent ludzi z każdym wynikiem

Twoja historia wyników

Nie rozwiązałeś tego quizu